Welcome to the Holygrace Academy Library

Please use search bar below to get started

SPUD MURPHY (Record no. 5735)

MARC details
000 -LEADER
fixed length control field 00280nam a22001337a 4500
082 ## - DEWEY DECIMAL CLASSIFICATION NUMBER
Classification number 823
Item number COL/L
100 ## - MAIN ENTRY--AUTHOR NAME
Personal name COLFER, EOIN
245 ## - TITLE STATEMENT
Title SPUD MURPHY
260 ## - PUBLICATION, DISTRIBUTION, ETC. (IMPRINT)
Place of publication ENGLAND
Name of publisher PENGUIN BOOKS
Year of publication 2006
300 ## - PHYSICAL DESCRIPTION
Number of Pages 89
520 ## - SUMMARY, ETC.
Summary, etc ENGLISH STORY
650 ## - SUBJECT ADDED ENTRY--TOPICAL TERM
Topical Term ENGLISH STORY
942 ## - ADDED ENTRY ELEMENTS (KOHA)
Koha item type Books
Holdings
Withdrawn status Lost status Collection code Home library Current library Shelving location Date acquired Source of acquisition Full call number Accession Number Koha item type
    Fiction Main Library Main Library SHELF 15-I-CHILDREN'S STORYBOOKS 16/07/2019 Purchase 823 COL/L 11237 Books